Journal of multi-cultural and cross-cultural research in art education

Detalles Bibliográficos
Nuevo Título:Journal of cultural research in art education
Autor Corporativo: United States Society for Education through Art
Formato: Electrónico Revista
Lenguaje:inglés
Publicado: Columbia, Mo. : United States Society for Education through Art, ©1983-2000.
Materias:
Acceso en línea:Full text available from Research Library: 10/01/1983 to Fall 2000

MARC

LEADER 00000nas a2200000 a 4500
001 ssj0022098
003 WaSeSS
005 20200512172242.0
006 m d
007 cr n
008 830909d19832000mouar p s 0 a0eng c
010 |a sn 83008813  
016 |a (AMICUS)000008663508 
016 7 |a 010490928  |2 Uk 
022 |l 0740-1833  |y 0740-1833 
035 |a (WaSeSS)ssj0022098 
040 |a NSD  |b eng  |c NSD  |d IUL  |d NST  |d HUL  |d NST  |d GUA  |d OCL  |d SYS  |d OCLCQ  |d GUA  |d IUL  |d DLC  |d OCLCQ  |d UKMGB  |d OCLCO  |d OCLCF  |d NLC  |d OCLCQ  |d WaSeSS 
042 |a nsdp  |a pcc 
050 1 4 |a N7428.5  |b .J68 
210 0 |a J. multi-cult. cross-cult. res. art educ. 
222 0 |a Journal of multi-cultural and cross-cultural research in art education 
245 0 0 |a Journal of multi-cultural and cross-cultural research in art education  |h [electronic resource]. 
246 1 |i Some issues have title:  |a Journal of multicultural and cross-cultural research in art education  |f <1997>-2000 
246 3 0 |a Multicultural and cross-cultural research in art education 
246 3 |a Journal of multicultural and crosscultural research in art education 
260 |a Columbia, Mo. :  |b United States Society for Education through Art,  |c ©1983-2000. 
310 |a Annual 
362 0 |a Vol. 1, no. 1 (fall 1983)-v. 18 (fall 2000). 
506 |a License restrictions may limit access. 
515 |a Vol. 15 (fall 1997) misdated fall 1998 on caption. 
650 0 |a Art, Comparative  |x Study and teaching  |v Periodicals. 
655 0 |a Electronic journals. 
710 2 |a United States Society for Education through Art. 
785 0 0 |t Journal of cultural research in art education  |x 2152-7172  |w (DLC) 2004233301  |w (OCoLC)51856743 
850 |a GU  |a IaCfT  |a InLP  |a InU  |a KyU  |a MH-Ed  |a MiEM  |a MoU  |a OU  |a OrU 
853 2 0 |8 1  |a v.  |b no.  |i (year)  |j (season)  |w a 
856 4 0 |z Full text available from Research Library: 10/01/1983 to Fall 2000  |u https://search.proquest.com/publication/40077 
863 4 1 |8 1.1  |a 1  |b 1  |i 1983  |j 23